Prognózy pre svet: striedavo oblačno
Futurologické prognózy pre svet, ktoré americkí odborníci označujú názvom globálna megakríza. Ekologická kríza planéty s globálnou ekonomickou krízou. Ťaziská ekonomického rozvoja. Energetika a demografia. Prístupy rozhodujúcich svetových politikov.
Gespeichert in:
| 1. Verfasser: | |
|---|---|
| Format: | Buchkapitel |
| Sprache: | Slowakisch |
| Schlagworte: | |
| Tags: |
Keine Tags, Fügen Sie das erste Tag hinzu!
|
MARC
| LEADER | 00000naa a2200000 4500 | ||
|---|---|---|---|
| 001 | 0150813 | ||
| 005 | 20220725111600.2 | ||
| 041 | 0 | |a slo | |
| 044 | |a SK | ||
| 245 | 1 | 0 | |a Prognózy pre svet: striedavo oblačno |c Anton Hykisch |
| 520 | |a Futurologické prognózy pre svet, ktoré americkí odborníci označujú názvom globálna megakríza. Ekologická kríza planéty s globálnou ekonomickou krízou. Ťaziská ekonomického rozvoja. Energetika a demografia. Prístupy rozhodujúcich svetových politikov. | ||
| 610 | 2 | 0 | |a kríza hospodárska |
| 610 | 2 | 0 | |a kríza finančná |
| 610 | 2 | 0 | |a kríza sociálna |
| 610 | 2 | 0 | |a pohyb cyklický hospodárstva |
| 610 | 2 | 0 | |a oživenie |
| 610 | 2 | 0 | |a cykly hospodárske |
| 100 | 1 | |a Hykisch, Anton | |